Antología sistemática de fuentes del derecho romano

I tiakina i:
Ngā taipitopito rārangi puna kōrero
Kaituhi matua: Valiño, Emilio (Author)
Hōputu: Pukapuka
Reo:Pāniora
I whakaputaina: Valencia Artes Gráficas Soler 1980
Ngā marau:
Ngā Tūtohu: Tāpirihia he Tūtohu
Kāore He Tūtohu, Me noho koe te mea tuatahi ki te tūtohu i tēnei pūkete!

MARC

LEADER 00000cam a2200000 a 4500
001 UCV2809
003 CL-VaPUC
008 921112e19800000SP |||||||||||||||||spa|d
082 0 4 |a 340.54  |b VAL  |2 21 
100 0 |a Valiño, Emilio  |e author  |9 297080 
245 1 0 |a Antología sistemática de fuentes del derecho romano 
300 |a 487 p 
942 |c BK 
945 |d 19921112 00:00:00 
260 |a Valencia  |b Artes Gráficas Soler  |c 1980 
650 0 |a Derecho romano  |9 255930 
650 0 |a Bibliografías   |9 257071 
583 |a last modification  |c 20160902 12:58:50  |k Rodrigo Vera 
999 |c 210296  |d 210294 
952 |0 0  |1 0  |4 0  |6 340_540000000000000_VAL_1980  |7 0  |8 DER_ROM  |9 186416  |a BIBDER  |b BIBDER  |d 2019-11-14  |i 2538857  |o 340.54 VAL 1980  |p 2538857  |r 2023-01-25  |w 2019-11-14  |x Ubicación 4to piso  |y BK_X  |z Este recurso debe solicitarse con anticipación  |k DER 
952 |0 0  |1 0  |3 erb  |4 0  |6 340_540000000000000_VAL_1980  |7 0  |8 DER_ROM  |9 186417  |a BIBDER  |b BIBDER  |i 534008K  |o 340.54 VAL 1980  |p 534008K  |r 2023-01-25  |w 2019-11-14  |x Ubicación 4to piso  |y BK_X  |z Este recurso debe solicitarse con anticipación  |k DER